Artists / Singers Chain #7 - Statistics

General Stats
  • This quiz has been taken 87 times
  • The average score is 15 of 38
Answer Stats
Answer Hint % Correct
Lady Gaga Shallow
94%
Lady Gaga Telephone
94%
Bradley Cooper Shallow
81%
Sia Cheap Thrills
78%
Sia Dusk Till Dawn
78%
Beyoncé Telephone
65%
Beyoncé Baby Boy
65%
Taylor Swift I Don't Wanna Live Forever
58%
Taylor Swift Fortnight
58%
Post Malone Fortnight
53%
Post Malone Congratulations
53%
Akon Smack That
47%
Akon Play Hard
47%
Zayn Malik Dusk Till Dawn
46%
Zayn Malik I Don't Wanna Live Forever
46%
Sean Paul Baby Boy
37%
Sean Paul Cheap Thrills
37%
DJ Khaled Legendary
33%
DJ Khaled All I Do Is Win
33%
Eminem No Love
32%
Eminem Smack That
32%
Lil Wayne I'm the One
22%
Lil Wayne No Love
22%
Nas As We Enter
20%
Nas If I Ruled the World (Imagine That)
20%
Quavo Congratulations
19%
Quavo I'm the One
19%
Lauryn Hill If I Ruled the World (Imagine That)
16%
Lauryn Hill Turn Your Lights Down Low
16%
Ne-Yo Play Hard
16%
Ne-Yo Legendary
16%
Damian Marley Make It Bun Dem
15%
Damian Marley As We Enter
15%
Skrillex Purple Lamborghini
15%
Skrillex Make It Bun Dem
15%
Bob Marley Turn Your Lights Down Low
14%
Rick Ross All I Do Is Win
12%
Rick Ross Purple Lamborghini
12%
No matching quizzes found
Score Distribution
Percent of People with Each Score
Percentile by Number Answered
Your Score History
You have not taken this quiz